| Tag |
First Indicator |
Second Indicator |
Subfields |
| LEADER |
00000cam a2200000Ia 4500 |
| 001 |
in00000022554 |
| 005 |
20151007064037.0 |
| 008 |
800703s1962 fr acgh b 000 1 fre d |
| 035 |
|
|
|a (OCoLC)ocm06484668
|
| 035 |
|
|
|a (OCoLC)06484668
|
| 035 |
|
|
|9 AAD8908AM
|
| 040 |
|
|
|a TXA
|c TXA
|d OCL
|d UMC
|d OCLCQ
|d UtOrBLW
|
| 049 |
|
|
|a TXAM
|
| 090 |
|
|
|a PQ2205
|b .A6 1962
|
| 092 |
|
|
|a 843
|b C492a, 1962
|
| 100 |
1 |
|
|a Chateaubriand, François-René,
|c vicomte de,
|d 1768-1848.
|
| 240 |
1 |
0 |
|a Novels.
|k Selections
|
| 245 |
1 |
0 |
|a Atala ; René ; Les aventures du dernier Abencérage /
|c Chateaubriand ; [Introd., notes, appendices et choix de variantes par Fernand Letessier].
|
| 264 |
|
1 |
|a Paris :
|b Garnier Frères,
|c [1962]
|
| 264 |
|
4 |
|c ©1962
|
| 300 |
|
|
|a xci, 16 unnumbered pages, 404 pages :
|b illustrations, facsimiles, music, portraits ;
|c 19 cm.
|
| 336 |
|
|
|a text
|b txt
|2 rdacontent
|
| 337 |
|
|
|a unmediated
|b n
|2 rdamedia
|
| 338 |
|
|
|a volume
|b nc
|2 rdacarrier
|
| 490 |
0 |
|
|a Classiques Garnier
|
| 504 |
|
|
|a Bibliography: pages 398-402.
|
| 700 |
1 |
|
|a Letessier, Fernand.
|
| 740 |
0 |
|
|a René.
|
| 740 |
0 |
|
|a Aventures du dernier Abencérage.
|
| 994 |
|
|
|a E0
|b TXA
|
| 999 |
|
|
|a MARS
|
| 999 |
f |
f |
|s b8ab5565-8ba6-306a-b667-4560b210f082
|i eba529ee-e0fb-39ca-bcf0-1b87cefa8c58
|t 0
|
| 952 |
f |
f |
|p normal
|a Texas A&M University
|b College Station
|c Sterling C. Evans Library
|d Evans: Library Stacks
|t 0
|e PQ2205 .A6 1962
|h Library of Congress classification
|i unmediated -- volume
|m A14801368050
|
| 998 |
f |
f |
|a PQ2205 .A6 1962
|t 0
|l Evans: Library Stacks
|